000 00605nam a22001817a 4500
999 _c19827
_d19827
008 240325b ||||| |||| 00| 0 eng d
020 _a0201145073
082 _aDC 808.0427
_bOs4 1988
100 _aOshima, Alice.
_955272
245 _aIntroduction to academic writing /
_cAlice Oshima and Ann Hogue.
260 _aBoston :
_bAddison-Wesley Publishing Company, Inc.,
_c©1988.
300 _axii, 211 pages :
_billustrations ;
_c28 cm.
500 _aIncludes index.
650 _aWriting.
_955766
650 _aEducation
_xResearch.
_955767
700 _aHogue, Ann.
_eauthor.
_955273
942 _2ddc
_cDC